[Event "Ch France (team) (juniors) (under 20)"]
[Site "masterchessopen.com France"]
[Date "2006.11.11"]
[Round "3"]
[White "Hoerdt Audran (FRA)"]
[Black "Viennot Dylan (FRA)"]
[Result "0-1"]
[WhiteElo "1707"]
[BlackElo "2136"]

1.e4 c5 2.Nf3 Nc6 3.d4 cxd4 4.Nxd4 e5 5.Nb5 d6 6.Bc4 Nf6 7.N1c3 a6 8.Na3 b5
9.Bd5 Nxd5 10.Nxd5 Be7 11.Be3 Rb8 12.O-O O-O 13.c3 Be6 14.f4 Bxd5 15.Qxd5 Qc7
16.c4 b4 17.Nc2 Bf6 18.Rfd1 Rbd8 19.Rab1 exf4 20.Bxf4 Ne5 21.Bxe5 dxe5 {#R}
0-1

[Event "Ch Netherlands (1/2 final) (KO-system) (w)"]
[Site "masterchessopen.com Hilversum (Netherlands)"]
[Date "2006.12.03"]
[Round "1"]
[White "Van Nies Pauline (NED)"]
[Black "Greeuw Sietske (NED)"]
[Result "1-0"]
[WhiteElo "2109"]
[BlackElo "2026"]

1.e4 c5 2.Nf3 Nc6 3.d4 cxd4 4.Nxd4 e5 5.Nb5 d6 6.c4 Be7 7.N1c3 a6 8.Na3 Be6
9.Be2 Bg5 10.Nc2 Bxc1 11.Rxc1 Nge7 12.O-O O-O 13.Qd2 Qd7 14.Rfd1 Rad8 15.Qe1
f5 16.c5 d5 17.exd5 Nxd5 18.Nxd5 Bxd5 19.Ne3 {#r} 1-0

[Event "Czech League 2006/07 (krajsky prebor)"]
[Site "masterchessopen.com Czech Republic"]
[Date "2006.12.10"]
[Round "4"]
[White "Kunes Jan (CZE)"]
[Black "Michel Ladislav (CZE)"]
[Result "1-0"]
[WhiteElo "1937"]
[BlackElo "1873"]

1.e4 c5 2.Nf3 Nc6 3.d4 cxd4 4.Nxd4 e5 5.Nb5 d6 6.N1c3 a6 7.Na3 b5 8.Nd5 Nge7
9.c4 Nd4 10.cxb5 Nxd5 11.exd5 Be7 12.Bd3 O-O 13.O-O Bg5 14.bxa6 Bxc1 15.Rxc1
Bxa6 16.Kh1 Bb7 17.Bc4 Qa5 18.Nc2 Bxd5 19.b4 Bxc4 20.bxa5 Bxf1 {#r} 1-0

[Event "Ch Mediterranean"]
[Site "masterchessopen.com Cannes (France)"]
[Date "2007.02.18"]
[Round "2"]
[White "Krivec Jana (SLO)"]
[Black "Belkhodja Slim (TUN)"]
[Result "0-1"]
[WhiteElo "2315"]
[BlackElo "2478"]

1.e4 c5 2.Nf3 Nc6 3.d4 cxd4 4.Nxd4 e5 5.Nb5 d6 6.N1c3 a6 7.Na3 b5 8.Nd5 Nge7
9.c4 Nd4 10.Nxe7 Bxe7 11.cxb5 d5 12.Nc2 Bg4 13.Qd2 Bg5 14.Ne3 Bxe3 15.fxe3
Qh4+ 16.g3 Nf3+ 17.Kf2 Qf6 18.Qxd5 Rc8 19.Qd3 Rc2+ {#R} 0-1

[Event "It (open)"]
[Site "masterchessopen.com San Sebastian (Spain)"]
[Date "2007.04.01"]
[Round "1"]
[White "Garro Beraza Haritz (ESP)"]
[Black "Llaneza Vega Marcos (ESP)"]
[Result "0-1"]
[WhiteElo "1967"]
[BlackElo "2426"]

1.e4 c5 2.Nf3 Nc6 3.d4 cxd4 4.Nxd4 e5 5.Nb5 d6 6.N1c3 a6 7.Na3 b5 8.Nd5 Nf6
9.Bg5 Be7 10.Bxf6 Bxf6 11.c3 Bb7 12.Nc2 Ne7 13.Nxf6+ gxf6 14.Bd3 d5 15.exd5
Qxd5 16.Ne3 Qc5 17.Qh5 b4 18.Rc1 Rd8 19.Bc4 O-O 20.Ng4 Qxc4 21.Nxf6+ Kg7
22.Qg5+ {#R} 0-1

[Event "It (open) \"]
[Site "masterchessopen.com Berlin (Germany)"]
[Date "2007.05.17"]
[Round "2"]
[White "Garcia Manuel V (BRA)"]
[Black "Schrodt Sebastian (GER)"]
[Result "0-1"]
[WhiteElo "2258"]
[BlackElo "2069"]

1.e4 c5 2.Nf3 Nc6 3.d4 cxd4 4.Nxd4 e5 5.Nb5 d6 6.N1c3 Nf6 7.Bg5 a6 8.Na3 b5
9.Bxf6 gxf6 10.g3 b4 {#R} 0-1

[Event "Ch Hamburg (open)"]
[Site "masterchessopen.com Hamburg (Germany)"]
[Date "2007.05.27"]
[Round "2"]
[White "Atri Jamshid (IRI)"]
[Black "Rosmann Ilja (GER)"]
[Result "0-1"]
[WhiteElo "2068"]
[BlackElo "2264"]

1.e4 c5 2.Nf3 Nc6 3.d4 cxd4 4.Nxd4 e5 5.Nb5 d6 6.c4 Be7 7.N1c3 a6 8.Na3 Be6
9.Nd5 Nd4 10.Be3 Bxd5 11.cxd5 Nf6 12.Bxd4 exd4 13.f3 Qa5+ 14.Qd2 Qxd2+ 15.Kxd2
Nd7 16.Rc1 Bg5+ {#R} 0-1

[Event "It (open) \"]
[Site "masterchessopen.com Greece"]
[Date "2007.06.20"]
[Round "1"]
[White "Kadoglou Nikolaos (GRE)"]
[Black "Skiadopoulos Nikolaos (GRE)"]
[Result "0-1"]
[WhiteElo "1970"]
[BlackElo "2206"]

1.e4 c5 2.Nf3 Nc6 3.d4 cxd4 4.Nxd4 e5 5.Nb5 d6 6.N1c3 a6 7.Na3 b5 8.Nd5 Nce7
9.c3 Nxd5 10.Qxd5 Be6 11.Qd3 d5 12.Be2 Bxa3 13.bxa3 Nf6 14.Qg3 Qc7 15.O-O Nxe4
16.Qxg7 O-O-O 17.f4 Qc5+ 18.Kh1 Nf2+ 19.Rxf2 Qxf2 {#R} 0-1

[Event "Ch City (open)"]
[Site "masterchessopen.com Wroclaw (Poland)"]
[Date "2007.06.26"]
[Round "3"]
[White "Zdziarska Lidia (POL)"]
[Black "Muller Marcin (POL)"]
[Result "1-0"]
[WhiteElo "1997"]
[BlackElo "1710"]

1.e4 c5 2.Nf3 Nc6 3.d4 cxd4 4.Nxd4 e5 5.Nb5 d6 6.N1c3 a6 7.Na3 b5 8.Nd5 Nf6
9.Bg5 Be7 10.Bxf6 Bxf6 11.c3 O-O 12.Nc2 Bb7 13.a4 Na7 14.Nce3 Bg5 15.Bd3 Bxe3
16.Nxe3 g6 17.O-O Qg5 18.Bc2 f5 19.exf5 gxf5 20.Qxd6 f4 21.Qd7 Bc8 22.Qxh7#
1-0

[Event "Tournament (ELO) \"]
[Site "masterchessopen.com Lipetsk (Russia)"]
[Date "2007.06.30"]
[Round "8"]
[White "Degtiarev V"]
[Black "Geranichev Mikhail (RUS)"]
[Result "1-0"]
[WhiteElo "1915"]
[BlackElo "1707"]

1.e4 c5 2.Nf3 Nc6 3.d4 cxd4 4.Nxd4 e5 5.Nb5 d6 6.c4 Be7 7.N1c3 a6 8.Na3 Be6
9.Nc2 Bg5 10.Be2 Bxc1 11.Rxc1 Nge7 12.O-O O-O 13.Qd2 Qd7 14.Rfd1 Rad8 15.b4
Ng6 16.b5 Nce7 17.Nb4 {#r} 1-0

[Event "Cup Dvorkovich (juniors) (team)"]
[Site "masterchessopen.com Moscow (Russia)"]
[Round "14"]
[White "Onischuk Vladimir (UKR)"]
[Black "Belous Vladimir (RUS)"]
[Result "0-1"]
[WhiteElo "2469"]
[BlackElo "2283"]

1.e4 c5 2.Nf3 Nc6 3.d4 cxd4 4.Nxd4 e5 5.Nb5 d6 6.N1c3 a6 7.Na3 b5 8.Nd5 Nge7
9.c4 Nxd5 10.Qxd5 Bd7 11.cxb5 Nd4 12.bxa6 Rc8 13.Bd2 Rc5 14.Qb7 Bc6 15.Qb4 d5
16.a7 Rc1+ 17.Rxc1 Bxb4 18.Bxb4 Qb6 19.Bb5 Nxb5 {#R} 0-1

[Event "Cup North Sea (open)"]
[Site "masterchessopen.com Esbjerg (Denmark)"]
[Date "2007.07.17"]
[Round "7"]
[White "Rasmussen Allan Stig (DEN)"]
[Black "Rendboe John (DEN)"]
[Result "1-0"]
[WhiteElo "2485"]
[BlackElo "2255"]

1.e4 c5 2.Nf3 Nc6 3.d4 cxd4 4.Nxd4 e5 5.Nb5 d6 6.c4 a6 7.N5c3 Nf6 8.Be2 Be7
9.Be3 O-O 10.O-O Be6 11.Na3 Rc8 12.Rc1 Ne8 13.Qd2 h6 14.Nc2 Bg5 15.Nd5 Bxe3
16.fxe3 Qh4 17.Bd3 Ne7 18.Qe1 {#r} 1-0

[Event "Memorial K.Tsiolkovsky (open)"]
[Site "masterchessopen.com Kaluga (Russia)"]
[Date "2007.08.03"]
[Round "1"]
[White "Ditiatev Sergey (RUS)"]
[Black "Chaikovsky Alex (RUS)"]
[Result "1-0"]
[WhiteElo "2331"]
[BlackElo "1884"]

1.e4 c5 2.Nf3 Nc6 3.d4 cxd4 4.Nxd4 e5 5.Nb5 d6 6.c4 Be7 7.N1c3 a6 8.Na3 Be6
9.f4 exf4 10.Bxf4 Nf6 11.Be2 O-O 12.Qd2 Rc8 13.Rd1 Ne5 14.O-O Bxc4 15.Bxe5
Bxe2 16.Qxe2 {#r} 1-0

[Event "It (b)"]
[Site "masterchessopen.com Dubna (Russia)"]
[Date "2007.08.10"]
[Round "14"]
[White "Severiukhina Zoja (RUS)"]
[Black "Savina Anastasia (RUS)"]
[Result "1-0"]
[WhiteElo "2237"]
[BlackElo "2202"]

1.e4 c5 2.Nf3 Nc6 3.d4 cxd4 4.Nxd4 e5 5.Nb5 d6 6.c4 Be7 7.N1c3 a6 8.Na3 f5
9.Bd3 f4 10.g3 Nf6 11.gxf4 exf4 12.Bxf4 O-O 13.Bg3 Ng4 14.f4 Bh4 15.Qd2 Rxf4
16.Qxf4 Nce5 17.Bxh4 Qxh4+ 18.Kd2 Ng6 19.Qg3 Qg5+ 20.Kc2 {#r} 1-0

[Event "It (open)"]
[Site "masterchessopen.com Rostock (Germany)"]
[Date "2007.08.24"]
[Round "1"]
[White "Worm Alfred (GER)"]
[Black "Breuel Steffen"]
[Result "1-0"]
[WhiteElo "1848"]
[BlackElo "905"]

1.e4 c5 2.Nf3 Nc6 3.d4 cxd4 4.Nxd4 e5 5.Nb5 d6 6.N1c3 Nge7 7.Nxd6+ Qxd6 8.Qxd6
a6 9.Qc7 Nd4 10.Nd5 Nxd5 11.exd5 f6 12.Bd3 {#r} 1-0

[Event "It (cat.2)"]
[Site "masterchessopen.com Anapa (Russia)"]
[Round "2"]
[White "Kononenko Alexander (UKR)"]
[Black "Ivanova Svetlana (UKR)"]
[Result "0-1"]
[WhiteElo "2331"]
[BlackElo "2218"]

1.e4 c5 2.Nf3 Nc6 3.d4 cxd4 4.Nxd4 e5 5.Nb5 d6 6.N1c3 a6 7.Na3 b5 8.Nd5 Nce7
9.Nxe7 Bxe7 10.c3 Nf6 11.Bd3 Bb7 12.Qe2 d5 13.exd5 Qxd5 14.f3 Rd8 15.Bc2 O-O
16.Nb1 e4 17.Bb3 exf3 18.Qxf3 Qd7 19.Qf1 Bc5 20.Bd2 Rfe8+ 21.Kd1 Ne4 {#R} 0-1

[Event "It (open) (seniors)"]
[Site "masterchessopen.com Rowy (Poland)"]
[Date "2007.09.16"]
[Round "9"]
[White "Ossowski Boleslaw (POL)"]
[Black "Marszalek Jakub (POL)"]
[Result "1-0"]
[WhiteElo "1686"]
[BlackElo "1710"]

1.e4 c5 2.Nf3 Nc6 3.d4 cxd4 4.Nxd4 e5 5.Nb5 d6 6.N1c3 a6 7.Na3 Be6 8.Nd5 Bxd5
9.exd5 Nd4 10.c3 Nf5 11.Bd3 g6 12.O-O Nf6 13.f3 Be7 14.Qb3 Qc7 15.Qa4+ Kf8
16.Bxf5 gxf5 17.Bh6+ Kg8 18.Qh4 {#r} 1-0

[Event "Ch Poland (juniors) (under 13) (1/2 final)"]
[Site "masterchessopen.com Besia (Poland)"]
[Date "2007.10.24"]
[Round "6"]
[White "Barszcz Michal (POL)"]
[Black "Latoszek Michal (POL)"]
[Result "1-0"]
[WhiteElo "1707"]
[BlackElo "1677"]

1.e4 c5 2.Nf3 Nc6 3.d4 cxd4 4.Nxd4 e5 5.Nb5 d6 6.N1c3 a6 7.Na3 b5 8.Nd5 Nge7
9.c4 b4 10.Nc2 a5 11.Be3 Rb8 12.b3 g6 13.Nf6# 1-0

[Event "Ch Croatia (team) (3rd league)"]
[Site "masterchessopen.com Croatia"]
[Date "2007.10.28"]
[Round "9"]
[White "Jusufi Denis (CRO)"]
[Black "Jerbic Vedran (CRO)"]
[Result "0-1"]
[WhiteElo "1960"]
[BlackElo "2087"]

1.e4 c5 2.Nf3 Nc6 3.d4 cxd4 4.Nxd4 e5 5.Nb5 d6 6.c4 Be7 7.N1c3 a6 8.Na3 Be6
9.Be3 Bg5 10.Qd2 Bxe3 11.Qxe3 Nd4 12.Be2 Ne7 13.O-O O-O 14.Rac1 f5 15.exf5
Nexf5 16.Qd2 Rc8 17.b3 Qh4 18.g3 Qh3 19.Ne4 Nxe2+ 20.Qxe2 Nd4 {#R} 0-1

[Event "Ch Poland (juniors) (under 20) (g) (1/2 final)"]
[Site "masterchessopen.com Chotowa (Poland)"]
[Date "2007.11.04"]
[Round "2"]
[White "Demidowicz Maria (POL)"]
[Black "Mucha Magdalena (POL)"]
[Result "1-0"]
[WhiteElo "2040"]
[BlackElo "1736"]

1.e4 c5 2.Nf3 Nc6 3.d4 cxd4 4.Nxd4 e5 5.Nb5 d6 6.N1c3 a6 7.Na3 b5 8.Nd5 Rb8
9.c4 b4 10.Nc2 Be7 11.g3 f5 12.Bg2 a5 13.O-O Be6 14.f4 g6 15.Be3 Qd7 16.fxe5
Nxe5 17.Nd4 Bxd5 18.cxd5 Nc4 19.Bf2 fxe4 20.Nc6 Rc8 21.Bd4 {#r} 1-0

[Event "Ch World (juniors) (under 14)"]
[Site "masterchessopen.com Kemer (Turkey)"]
[Date "2007.11.18"]
[Round "1"]
[White "Ciruzzi Luciano (ARG)"]
[Black "Belous Vladimir (RUS)"]
[Result "0-1"]
[WhiteElo "1940"]
[BlackElo "2283"]

1.e4 c5 2.Nf3 Nc6 3.d4 cxd4 4.Nxd4 e5 5.Nb5 d6 6.N1c3 a6 7.Na3 b5 8.Nd5 Nge7
9.Be3 Nxd5 10.Qxd5 Bb7 11.Qd2 Be7 12.c4 bxc4 13.Bxc4 d5 {#R} 0-1

[Event "Cup Belgrade (open)"]
[Site "masterchessopen.com Obrenovac (Yugoslavia)"]
[Date "2007.11.25"]
[Round "4"]
[White "Vucinic Gojko (SRB)"]
[Black "Radusinovic Lazar (SRB)"]
[Result "0-1"]
[WhiteElo "1824"]
[BlackElo "2070"]

1.e4 c5 2.Nf3 Nc6 3.d4 cxd4 4.Nxd4 e5 5.Nb5 d6 6.N1c3 a6 7.Na3 b5 8.Nd5 Nce7
9.Nxb5 axb5 10.Bxb5+ Bd7 11.Bxd7+ Kxd7 12.Be3 {#R} 0-1

[Event "Ch Commonwealth"]
[Site "masterchessopen.com New Delhi (India)"]
[Date "2007.12.04"]
[Round "3"]
[White "Negi D S (IND)"]
[Black "Roy Chowdhury Saptarshi (IND)"]
[Result "0-1"]
[WhiteElo "2056"]
[BlackElo "2418"]

1.e4 c5 2.Nf3 Nc6 3.d4 cxd4 4.Nxd4 e5 5.Nb5 d6 6.c4 Be7 7.N1c3 a6 8.Na3 f5
9.Bd3 f4 10.g3 Nf6 11.gxf4 exf4 12.Bxf4 O-O 13.Be2 Ng4 14.Bxg4 Rxf4 15.Bxc8
Rxc8 16.Qd5+ Kh8 17.Ne2 Rf3 18.O-O Qd7 19.Kh1 Rcf8 20.Ng3 Qh3 21.Qd2 Rxg3 {#R}
0-1

[Event "Ch Germany (juniors) (club) (under 20) (g)"]
[Site "masterchessopen.com Stuttgart (Germany)"]
[Date "2007.12.30"]
[Round "7"]
[White "Mijatovic Andrea (CRO)"]
[Black "Ley Janine (GER)"]
[Result "0-1"]
[WhiteElo "1848"]
[BlackElo "1608"]

1.e4 c5 2.Nf3 Nc6 3.d4 cxd4 4.Nxd4 e5 5.Nb5 d6 6.c4 Nf6 7.N1c3 Be7 8.Bg5 a6
9.Bxf6 gxf6 10.Na3 f5 11.Qh5 fxe4 12.Nxe4 Be6 13.Qh6 Qa5+ 14.Nc3 O-O-O 15.Be2
Nd4 16.O-O Rdg8 17.f4 Nxe2+ 18.Nxe2 Rg6 19.Qxg6 hxg6 20.Rae1 Kb8 21.fxe5 dxe5
22.Nc3 Bxa3 {#R} 0-1

[Event "It (open)"]
[Site "masterchessopen.com Selestat (France)"]
[Round "1"]
[White "Ninov Nikolai (BUL)"]
[Black "Richard Emma (FRA)"]
[Result "1-0"]
[WhiteElo "2528"]
[BlackElo "2082"]

1.e4 c5 2.Nf3 Nc6 3.d4 cxd4 4.Nxd4 e5 5.Nb5 d6 6.c4 Be7 7.b3 f5 8.Ba3 Nf6
9.N1c3 Nd4 10.exf5 Bxf5 11.Nxd4 exd4 12.Qxd4 O-O 13.Be2 Qa5 14.Bb2 d5 15.O-O
dxc4 16.Nd5 Bc5 17.Nxf6+ Rxf6 18.Bxc4+ Kh8 19.Qd5 {#r} 1-0

[Event "It (open) (w)"]
[Site "masterchessopen.com Moscow (Russia)"]
[Date "2008.02.02"]
[Round "1"]
[White "Miloserdova Irina (RUS)"]
[Black "Girya Olga (RUS)"]
[Result "0-1"]
[WhiteElo "2056"]
[BlackElo "2332"]

1.e4 c5 2.Nf3 Nc6 3.d4 cxd4 4.Nxd4 e5 5.Nb5 d6 6.N1c3 a6 7.Na3 b5 8.Nd5 Nge7
9.c4 Nd4 10.Nxe7 Bxe7 11.cxb5 O-O 12.bxa6 d5 13.Bd3 dxe4 14.Bxe4 Bxa6 15.Nc2
Rc8 16.Nxd4 Bb4+ 17.Bd2 Qxd4 18.Bf3 Rfd8 {#R} 0-1

[Event "It (open)"]
[Site "masterchessopen.com Bizovac (Croatia)"]
[Date "2008.02.21"]
[Round "1"]
[White "Sambolec Andreja (CRO)"]
[Black "Maras Mile (CRO)"]
[Result "0-1"]
[WhiteElo "1875"]
[BlackElo "2242"]

1.e4 c5 2.Nf3 Nc6 3.d4 cxd4 4.Nxd4 e5 5.Nb5 d6 6.N1c3 a6 7.Na3 Be6 8.Nd5 Nf6
9.Bg5 Bxd5 10.exd5 Qa5+ 11.c3 Qxd5 12.Bc4 Qxg2 {#R} 0-1

[Event "Czech League 2007/08 (2nd) (e)"]
[Site "masterchessopen.com Czech Republic"]
[Date "2008.03.02"]
[Round "9"]
[White "Zdrazil Tomas (CZE)"]
[Black "Vesely Miroslav (CZE)"]
[Result "1-0"]
[WhiteElo "2038"]
[BlackElo "2062"]

1.e4 c5 2.Nf3 Nc6 3.d4 cxd4 4.Nxd4 e5 5.Nb5 d6 6.N1c3 a6 7.Na3 Be6 8.Nc4 b5
9.Ne3 Nf6 10.Ned5 Be7 11.Be3 O-O 12.Be2 Bxd5 13.Nxd5 Rc8 14.Bb6 Qe8 15.Bg4
Nxg4 16.Qxg4 Nd4 17.Bxd4 exd4 18.Qxc8 {#r} 1-0

[Event "Czech League 2007/08 (krajsky prebor)"]
[Site "masterchessopen.com Czech Republic"]
[Date "2008.03.09"]
[Round "9"]
[White "Vesely Libor (CZE)"]
[Black "Skovron Josef"]
[Result "1-0"]
[WhiteElo "2174"]
[BlackElo "1769"]

1.e4 c5 2.Nf3 Nc6 3.d4 cxd4 4.Nxd4 e5 5.Nb5 d6 6.Bc4 a6 7.N5c3 h6 8.Nd5 Nf6
9.Nbc3 Nxd5 10.Nxd5 Ne7 11.O-O Nxd5 12.Bxd5 Be7 13.Qf3 O-O 14.Qb3 Bg5 15.Bxg5
Qxg5 16.Rad1 Qe7 17.Rd3 Rb8 18.Qb6 Qd8 19.Qa7 Qc7 20.Rc3 {#r} 1-0

[Event "Cup Doeberl"]
[Site "masterchessopen.com Canberra (Australia)"]
[Date "2008.03.22"]
[Round "5"]
[White "Hoffmann Achim Gunter (AUS)"]
[Black "Zozulia Anna (BEL)"]
[Result "0-1"]
[WhiteElo "2143"]
[BlackElo "2380"]

1.e4 c5 2.Nf3 Nc6 3.d4 cxd4 4.Nxd4 e5 5.Nb5 d6 6.N1c3 a6 7.Na3 Be6 8.Nd5 Nf6
9.Nxf6+ Qxf6 10.Nc4 Qg6 11.Nxd6+ Bxd6 12.Qxd6 Nd4 13.Bd3 Qxg2 14.Rf1 Rd8 {#R}
0-1

[Event "Ch Europe (schools) (team)"]
[Site "masterchessopen.com Halkidiki (Greece)"]
[Date "2008.05.05"]
[Round "9"]
[White "Malamatas Konstantinos (GRE)"]
[Black "Mazarakis Athanasios (GRE)"]
[Result "1-0"]
[WhiteElo "1935"]
[BlackElo "1424"]

1.e4 c5 2.Nf3 Nc6 3.d4 cxd4 4.Nxd4 e5 5.Nb5 d6 6.N1c3 a6 7.Na3 b5 8.Nd5 Be6
9.c4 Bxd5 10.exd5 Nd4 11.cxb5 axb5 12.Nxb5 Nf6 13.Nxd4 exd4 14.Bb5+ Nd7 15.Bc6
Rb8 16.Kf1 Be7 17.Qg4 g6 18.Ke1 f5 19.Qe2 Kf7 20.Qe6+ Ke8 21.Bg5 {#r} 1-0

[Event "It (open)"]
[Site "masterchessopen.com Zalakaros (Hungary)"]
[Date "2008.05.24"]
[Round "3"]
[White "Groszpeter Attila (HUN)"]
[Black "Csiszar Csaba (HUN)"]
[Result "1-0"]
[WhiteElo "2554"]
[BlackElo "2437"]

1.e4 c5 2.Nf3 Nc6 3.d4 cxd4 4.Nxd4 e5 5.Nb5 d6 6.Bc4 Nf6 7.Bg5 Be6 8.Bxf6 gxf6
9.Nd2 a6 10.Nc3 Ne7 11.Bb3 d5 12.exd5 Nxd5 13.Nxd5 Bxd5 14.Qh5 Bxb3 15.axb3
Qd5 16.O-O-O Qxg2 17.Rhe1 Qg6 18.Rxe5+ Be7 19.Rxe7+ {#r} 1-0

[Event "It (open) \"]
[Site "masterchessopen.com Senta (Serbia)"]
[Date "2008.07.24"]
[Round "8"]
[White "Sakic Lorand (SRB)"]
[Black "Ridjicki Vlajko (SRB)"]
[Result "1-0"]
[WhiteElo "2020"]
[BlackElo "1793"]

1.e4 c5 2.Nf3 Nc6 3.d4 cxd4 4.Nxd4 e5 5.Nb5 d6 6.N1c3 a6 7.Na3 b5 8.Nd5 Be6
9.c3 Rc8 10.Be2 Qh4 11.Bf3 g5 12.g3 Qh3 13.Bxg5 Nge7 14.Nf6+ Kd8 15.Qxd6+ Bd7
16.Bg4 Qxg4 17.Nxg4 Bg7 18.O-O-O Rc7 19.Bxe7+ Nxe7 20.Nxe5 Bxe5 21.Qxe5 Rf8
22.Rd2 {#r} 1-0

[Event "Tournament (open)"]
[Site "masterchessopen.com Dimitrovgrad (Russia)"]
[Date "2008.08.08"]
[Round "5"]
[White "Kalugin Yury (RUS)"]
[Black "Sahovski Alexandr (RUS)"]
[Result "1-0"]
[WhiteElo "1986"]
[BlackElo "1897"]

1.e4 c5 2.Nf3 Nc6 3.d4 cxd4 4.Nxd4 e5 5.Nb5 d6 6.N1c3 a6 7.Na3 b5 8.Nd5 Nge7
9.Bg5 Be6 10.c4 bxc4 11.Nxc4 h6 12.Nxd6+ Kd7 13.Nb7 Qb8 14.Nxe7+ Kc7 15.Qd6+
Kxb7 16.Qxc6+ {#r} 1-0

[Event "It (open) \"]
[Site "masterchessopen.com Medellin (Colombia)"]
[Date "2008.08.09"]
[Round "6"]
[White "Alvarez Amaury (COL)"]
[Black "Sanchez Victor (COL)"]
[Result "1-0"]
[WhiteElo "2148"]
[BlackElo "2170"]

1.e4 c5 2.Nf3 Nc6 3.d4 cxd4 4.Nxd4 e5 5.Nb5 d6 6.N1c3 a6 7.Na3 Be6 8.Nd5 Nf6
9.Nxf6+ Qxf6 10.Nc4 Qg6 11.f3 Bxc4 12.Bxc4 Qxg2 13.Rf1 Nd4 14.Rf2 Qg1+ 15.Bf1
Be7 16.Rg2 Qh1 17.Be3 Bh4+ 18.Kd2 O-O 19.f4 Bf6 20.Bxd4 exd4 21.Qf3 Kh8 22.Rd1
{#r} 1-0

[Event "It (open) (b)"]
[Site "masterchessopen.com Vladimir (Russia)"]
[Date "2008.08.15"]
[Round "4"]
[White "Egorshev Viktor (RUS)"]
[Black "Dudin Denis (RUS)"]
[Result "1-0"]
[WhiteElo "2254"]
[BlackElo "2165"]

1.e4 c5 2.Nf3 Nc6 3.d4 cxd4 4.Nxd4 e5 5.Nb5 d6 6.N1c3 a6 7.Na3 b5 8.Nd5 Be7
9.c4 f5 10.cxb5 Nd4 11.b6 Bb7 12.Bc4 Nf6 13.Nc7+ Kf8 14.Be3 d5 15.Bxd4 Qd7
16.Bxe5 dxc4 17.Bxf6 Qxd1+ 18.Rxd1 gxf6 19.Nxa8 {#r} 1-0

[Event "Tournament (juniors) (under 17)"]
[Site "masterchessopen.com Sekocin (Poland)"]
[Date "2008.10.18"]
[Round "8"]
[White "Puczylowski Marcin (POL)"]
[Black "Murawski Jacek (POL)"]
[Result "1-0"]
[WhiteElo "1990"]
[BlackElo "1555"]

1.e4 c5 2.Nf3 Nc6 3.d4 cxd4 4.Nxd4 e5 5.Nb5 d6 6.N1c3 a6 7.Na3 b5 8.Nd5 Nf6
9.Bg5 Be7 10.Bxf6 Bxf6 11.c3 O-O 12.h4 Bxh4 13.Qh5 Bxf2+ 14.Kxf2 h6 15.Bd3 Be6
16.Ne3 Ne7 17.Nac2 Ng6 18.g3 Qb6 19.Kg2 Qc6 20.Nb4 Qb7 21.Nbd5 {#r} 1-0

[Event "Ch World (juniors) (under 12)"]
[Site "masterchessopen.com Vung Tau (Vietnam)"]
[Date "2008.10.26"]
[Round "7"]
[White "Shiven Khosla (IND)"]
[Black "Rzayev Chingiz Qafar Oglu (AZE)"]
[Result "1-0"]
[WhiteElo "2206"]
[BlackElo "2009"]

1.e4 c5 2.Nf3 Nc6 3.d4 cxd4 4.Nxd4 e5 5.Nb5 d6 6.c4 a6 7.N5a3 Be7 8.Nc3 Nf6
9.Be2 Be6 10.O-O h5 11.Nc2 Ng4 12.h3 Bg5 13.hxg4 hxg4 14.g3 Qf6 15.Kg2 Rh2+
16.Kxh2 Qh6+ 17.Kg1 Bxc1 18.Qxc1 Qh5 19.Qe3 O-O-O 20.f3 Rh8 21.Kf2 {#r} 1-0

[Event "It (open)"]
[Site "masterchessopen.com Obrenovac (Serbia)"]
[Date "2008.11.28"]
[Round "2"]
[White "Kerecki Ljubisa (SRB)"]
[Black "Simic Radoslav (SRB)"]
[Result "0-1"]
[WhiteElo "2174"]
[BlackElo "2373"]

1.e4 c5 2.Nf3 Nc6 3.d4 cxd4 4.Nxd4 e5 5.Nb5 d6 6.c4 Be7 7.N1c3 a6 8.Na3 Be6
9.Nc2 Bg5 10.Be3 Bxe3 11.Nxe3 Nf6 12.Be2 O-O 13.O-O Nd4 14.Bd3 Qa5 15.Qd2 b5
16.Rfd1 Rfc8 17.b3 Kf8 18.Rf1 bxc4 19.Bxc4 Bxc4 20.Nxc4 Qxc3 {#R} 0-1

[Event "It (cat.10)"]
[Site "masterchessopen.com Pamplona (Spain)"]
[Round "1"]
[White "Narayanan Srinath (IND)"]
[Black "Reinaldo Castineira Roi (ESP)"]
[Result "1-0"]
[WhiteElo "2412"]
[BlackElo "2516"]

1.e4 c5 2.Nf3 Nc6 3.d4 cxd4 4.Nxd4 e5 5.Nb5 d6 6.c4 Be7 7.N1c3 a6 8.Na3 Be6
9.Be2 Bg5 10.Qd2 Qb6 11.b3 Rc8 12.Qe3 Qxe3 13.f3 b5 14.b4 Bd7 15.Kd1 a5 {#r}
1-0

[Event "It (open) (d)"]
[Site "masterchessopen.com Cali (Colombia)"]
[Date "2008.12.26"]
[Round "1"]
[White "Rosero Jefferson"]
[Black "Rodriguez German (ESP)"]
[Result "0-1"]
[WhiteElo "1500"]
[BlackElo "1982"]

1.e4 c5 2.Nf3 Nc6 3.d4 cxd4 4.Nxd4 e5 5.Nb5 d6 6.N1c3 a6 7.Na3 Be6 8.Be3 Nf6
9.Bc4 Be7 10.Nd5 O-O 11.Qd2 Nxe4 12.Qd3 Nf6 13.f4 Nxd5 14.Bxd5 Qa5+ 15.c3 Qxd5
16.Qe2 Bh4+ 17.g3 Qxh1+ {#R} 0-1

[Event "Extraliga 2008/09"]
[Site "masterchessopen.com Slovakia"]
[Date "2009.01.18"]
[Round "7"]
[White "Palecek Peter (SVK)"]
[Black "Zambor Norbert (SVK)"]
[Result "0-1"]
[WhiteElo "2260"]
[BlackElo "2265"]

1.e4 c5 2.Nf3 Nc6 3.d4 cxd4 4.Nxd4 e5 5.Nb5 d6 6.N1c3 Nf6 7.Bg5 a6 8.Na3 b5
9.Nd5 Be7 10.Bxf6 Bxf6 11.c3 Bb7 12.Nc2 Nb8 13.a4 bxa4 14.Rxa4 Nd7 15.Rb4 Rb8
16.Rxb7 Rxb7 17.Ncb4 Nb8 18.Bxa6 Nxa6 19.Qa4+ Qd7 20.Qxd7+ Kxd7 21.Nxa6 Ra8
{#R} 0-1